From my bones: memoirs of Col. Gurbakhsh Singh Dhillon of the Indian National Army (including 1945 Red Fort trail) (Record no. 390426)

000 -LEADER
fixed length control field 00517cam a22001457a 4500
008 - FIXED-LENGTH DATA ELEMENTS--GENERAL INFORMATION
fixed length control field 180718b1998 xxu||||| |||| 00| 0 eng d
020 ## - INTERNATIONAL STANDARD BOOK NUMBER
International Standard Book Number 91113270385
082 ## - DEWEY DECIMAL CLASSIFICATION NUMBER
Classification number A99 D537
100 ## - MAIN ENTRY--PERSONAL NAME
Personal name Dhillon, Gurbakhsh
245 ## - TITLE STATEMENT
Title From my bones: memoirs of Col. Gurbakhsh Singh Dhillon of the Indian National Army (including 1945 Red Fort trail)
Statement of responsibility, etc. by Gurbakhsh Singh Dhillon
260 ## - PUBLICATION, DISTRIBUTION, ETC.
Place of publication, distribution, etc. New Delhi
Name of publisher, distributor, etc. Aryan Books
Date of publication, distribution, etc. 1998
300 ## - PHYSICAL DESCRIPTION
Extent 598p.
650 ## - SUBJECT ADDED ENTRY--TOPICAL TERM
Topical term or geographic name entry element Indian National Army
650 ## - SUBJECT ADDED ENTRY--TOPICAL TERM
Topical term or geographic name entry element Dhillon, Gurbakhsh Singh - Autobiography
Holdings
Withdrawn status Lost status Damaged status Not for loan Permanent Location Current Location Date acquired Full call number Barcode Date last seen Price effective from Koha item type
        Indian Institute of Public Administration Indian Institute of Public Administration 1999-09-23 A99 D537 74572 2018-07-21 2018-07-21 Book

Powered by Koha